000 00399 a2200169 4500
001 186359
020 _a85-16-04578-1
040 _cMagnum
100 _aMc Donald, Megan
240 1 0 _aJudy moody adivinha o futuro
_lpor
245 1 0 _aJudy moody adivinha o futuro
300 _a173
362 0 _a2005
440 1 _aSalamandra
697 _aLITERATURA INFANTO-JUVENIL ESTRANGEIRA
942 _cBK
999 _c186359
_d186359